00609nam a2200181 a 450000100100000000500170001000800410002702000150006804000250008310000230010824000290013124500400016026000470020030000360024750000210028395201060030499900170041000003557020200930074436.0111103s1977 br 000 0 spa d a8425209633 aDO-SdBNPbspacBNPHU1 aMurray, Ray96147110aManual of techmiquelspa10aManual de técnicas /cRay Murray. aBarcelona,España :bGustavo Gili,c1977. a199 p. :bil., retrs. ;c26 cm. aIncluye índice 0010507-18MOaGRbGRcOId2011-11-03iLF1l0o p35570-10r2020-06-25w2020-06-25y1ZNo se presta c35061d35061